000 01047nam a2200277 i 4500
001 C2-0326616
003 PPAK
005 20180728124436.0
008 140407s2013 my a|||| ||||| | may d
022 _a1394-0538
040 _aPPAK
_beng
_cPPAK
_erda
082 0 4 _a352.1409595
_223
090 0 0 _a352.1409595
_bMAL
_dKK
110 2 _aMalaysia. Kementerian Kesejahteraan Bandar, Perumahan dan Kerajaan Tempatan
245 0 0 _aBuletin KPKT :
_bKementerian Kesejahteraan Bandar, Perumahan dan Kerajaan Tempatan
264 1 _aKuala Lumpur :
_bKementerian Kesejahteraan Bandar, Perumahan dan Kerajaan Tempatan ,
_c2013
300 _a24 pages :
_bcolour illustrations ;
_c30 cm.
336 _2rdacontent
_atext
337 _2rdamedia
_aunmediated
338 _2rdacarrier
_avolume
500 _aVol 3/2013
650 1 0 _aMunicipal government - Malaysia - Periodicals.
700 0 _aJessylina Mat Lazim [et al.],
_eeditor
710 2 _aMalaysia. Kementerian Kesejahteraan Bandar, Perumahan dan Kerajaan Tempatan
_eorganizer
942 _ddc
_cB
999 _c126265
_d126265